00661nam a2200181Ia 4500008004100000020001800041041000800059082001300067100002700080245004200107250001400149260004500163300001900208700005400227906001400281999001700295952016700312220530s9999 xx 000 0 und d a9780199699230 aeng a821bCAR aCarmichael, Jan958147 aLeadership and Management Development a1 Edition aNew YorkbOxford University Pressc2011 aXVI; 399P.bPB a Haydon, Jon Collins, Chris Emsell, Peter 958148 a96.25bGB c52399d52399 001040708Non Technical aCEWNbCEWNd2015-01-02eAllied Publisher Pvt. Ltd.g385.00o821/CARpCEWN-BK-6987r2022-05-30 00:00:00v288.75w2022-05-30yBKz006987